Normal view
MARC view
- Laeeq ur Rehman
Entry Personal Name
001 - CONTROL NUMBER
- control field: 34398
003 - CONTROL NUMBER IDENTIFIER
- control field: NUST
005 - DATE AND TIME OF LATEST TRANSACTION
- control field: 20201022125000.0
008 - FIXED-LENGTH DATA ELEMENTS
- fixed length control field: 201022|| aca||aabn | a|a d
040 ## - CATALOGING SOURCE
- Original cataloging agency: NUST
- Transcribing agency: NUST
100 ## - HEADING--PERSONAL NAME
- Personal name: Laeeq ur Rehman
670 ## - SOURCE DATA FOUND
- Source citation: Work cat.: (NUST): Laeeq ur Rehman, Design & Development of Expert System Based Framework for Servo Actuator Mechanism /, 2015.
